Modern economics : an introduction for business and professional students

Αποθηκεύτηκε σε:
Λεπτομέρειες βιβλιογραφικής εγγραφής
Κύριος συγγραφέας: Harvey, J. (Jack) 1917-
Μορφή: Βιβλίο
Γλώσσα:English
Δημοσίευση: London : MacMillan, 1983
Έκδοση:4th ed.
Θέματα:
Ετικέτες: Προσθήκη ετικέτας
Δεν υπάρχουν, Καταχωρήστε ετικέτα πρώτοι!

MARC

LEADER 00000nam a2200000 i 4500
001 1/58712
008 960422s1983 eng d
020 |a 0333341473 
035 |l 10028414 
040 |a GR-MY-UA  |b gre  |e aacr 
041 0 |a eng 
082 0 |a 330.024658 
100 1 |a Harvey, J. (Jack)  |d 1917- 
245 1 0 |a Modern economics :  |b an introduction for business and professional students 
250 |a 4th ed. 
260 |a London :   |b MacMillan,   |c 1983 
300 |a 547 σ. 
650 0 0 |a Economics. 
650 0 0 |a Managerial economics. 
852 |a INST  |b CHIOS  |e 19960422  |h 330.024658 HAR  |p 005200005966  |q 005200005966  |t BK  |y 0 
909 |a Χ  |b 000741